000 00604nam a2200229Ia 4500
003 OSt
005 20220928102438.0
006 a|||||r|||| 00| 0
007 ta
008 220927b |||||||| |||| 00| 0 eng d
024 _a8436
037 _cTextual
040 _aSDCL
_cSDCL
_beng
041 _2eng
_aeng
082 _aO152,3M80:g, P8
100 _aToki Rajender
_9398324
245 0 _aGodaan
_b Drishti-Pratidrishti
260 _aDelhi
_bVimla Books
_c2008
300 _a160p
_ccm.
942 _hO152,3M80:g, P8
_cTEXL
_2CC
999 _c714173
_d714173